00658nam a2200181 a 450000500170000000800410001702000180005805000230007610000190009924501190011825000120023726000400024930000300028944000230031952000750034265000310041765000280044820140412111421.0080103s19uu xx 00 eng d a0-439-24421-8 aTR(PS EbGe27 1999 aMaestro, Marco aGeese find the missing piece:bSchool time riddle time /cby Marco and Giulio Maestro; pictures by Giulio Maestro. a1st ed. aNew York :bScholastic Inc,cc1999. a48 p. : col. ill. ; 23 cm aAn I can read book aRhyming riddles answer questions about a variety of animals at school. aRiddles, JuvenilexAnimals aSchoolsxJuvenile Humor